[Event "SLO-ch U10"]
[Site "Sentjur"]
[Date "2005.03.03"]
[Round "8"]
[White "Ledinek, Klemen"]
[Black "Copi, Ambroz"]
[Result "0-1"]
[WhiteElo "1500"]
[BlackElo "1500"]
[PlyCount "82"]
[EventDate "2005.02.26"]
[EventType "tourn"]
[EventRounds "9"]
[EventCountry "SLO"]
[SourceTitle "CBM 105 Extra"]
[Source "ChessBase"]
[SourceDate "2005.05.01"]
[SourceVersion "1"]
[SourceVersionDate "2005.05.01"]
[SourceQuality "1"]

1. e4 e5 2. Nf3 Nc6 3. Bc4 Bc5 4. d3 d6 5. Ng5 Be6 6. Bxe6 fxe6 7. 0-0 Qd7 8. Qg4 0-0-0 9. Qxe6 Qxe6 10. Nxe6 Rd7 11. Be3 Bxe3 12. fxe3 Nf6 13. Nc3 Re8 14. Ng5 h6 15. Nf3 d5 16. exd5 Nxd5 17. Nxd5 Rxd5 18. e4 Rd7 19. Rfd1 Nb4 20. Rd2 Nc6 21. c3 b6 22. d4 exd4 23. Nxd4 Nxd4 24. cxd4 Rxe4 25. Rad1 Kb7 26. d5 g5 27. d6 cxd6 28. Rxd6 Rxd6 29. Rxd6 Re2 30. Rxh6 Rxb2 31. Rg6 Rxa2 32. Rxg5 a5 33. h4 a4 34. h5 Rd2 35. h6 Rd8 36. Rg4 b5 37. Rb4 Kb6 38. g4 Rg8 39. Kf2 Kc5 40. Rb1 a3 41. Kf3 Kc4 0-1

[Event "SLO-ch U10"]
[Site "Sentjur"]
[Date "2005.02.27"]
[Round "2"]
[White "Gomboc, Adrian"]
[Black "Ledinek, Klemen"]
[Result "1-0"]
[WhiteElo "1525"]
[BlackElo "1500"]
[PlyCount "85"]
[EventDate "2005.02.26"]
[EventType "tourn"]
[EventRounds "9"]
[EventCountry "SLO"]
[SourceTitle "CBM 105 Extra"]
[Source "ChessBase"]
[SourceDate "2005.05.01"]
[SourceVersion "1"]
[SourceVersionDate "2005.05.01"]
[SourceQuality "1"]

1. e4 e5 2. Nf3 Nc6 3. Bc4 Nf6 4. Ng5 Qe7 5. Nxf7 Rg8 6. Qf3 Qc5 7. Nd6+ Qxd6 8. Bxg8 Nxg8 9. c3 b5 10. 0-0 b4 11. Qh5+ g6 12. Qxh7 Nge7 13. Qh3 Ba6 14. Re1 0-0-0 15. Re3 g5 16. d3 Bh6 17. Rg3 g4 18. Qxh6 Qxh6 19. Bxh6 Rh8 20. Bg5 Rg8 21. Bxe7 Nxe7 22. cxb4 d5 23. Nd2 d4 24. f3 Bxd3 25. Rxg4 Rxg4 26. fxg4 Ng6 27. g3 Be2 28. h3 d3 29. Kf2 Kd7 30. Re1 Kd6 31. Rxe2 dxe2 32. Kxe2 a6 33. h4 c5 34. h5 Nf8 35. bxc5+ Kxc5 36. Kd3 Kd6 37. Kc4 Kc6 38. Nf3 Kd6 39. Ng5 Ke7 40. h6 Kf6 41. h7 Ng6 42. Nf3 Kg7 43. Kd5 1-0